[Event "Quebec-ch"]
[Site "Montreal CAN"]
[Date "2008.12.03"]
[Round "1"]
[White "Jiang, Louie"]
[Black "Prahov, Valentin"]
[Result "1/2-1/2"]
[WhiteElo "2170"]
[BlackElo "2126"]
[PlyCount "124"]
[GameId "2160767910285996"]
[EventDate "2008.12.03"]
[EventType "tourn"]
[EventRounds "7"]
[EventCountry "CAN"]
[SourceTitle "EXT 2011"]
[Source "ChessBase"]
[SourceDate "2011.11.26"]
[SourceVersion "1"]
[SourceVersionDate "2011.11.26"]
[SourceQuality "1"]

1. e4 c5 2. Nf3 e6 3. d4 cxd4 4. Nxd4 Nf6 5. Nc3 Nc6 6. Bg5 Bb4 7. Nxc6 bxc6 8. Qf3 h6 9. Bh4 Be7 10. e5 Nd5 11. Bxe7 Qxe7 12. Nxd5 cxd5 13. Qg4 O-O 14. Bd3 d6 15. Qb4 Rd8 16. f4 a5 17. Qd4 Ba6 18. O-O Qa7 19. Qf2 dxe5 20. fxe5 Bxd3 21. cxd3 Qxf2+ 22. Kxf2 Rab8 23. b3 d4 24. Rfe1 Rb5 25. Rac1 Rdd5 26. Rc4 g5 27. Re4 Kg7 28. Rcxd4 Rxd4 29. Rxd4 Rxe5 30. Re4 Rd5 31. Ke3 h5 32. a4 Kf6 33. b4 Ke7 34. bxa5 Rxa5 35. Kd2 f5 36. Rc4 f4 37. Kc3 Kf6 38. d4 e5 39. Kb4 Rd5 40. dxe5+ Kxe5 41. a5 g4 42. a6 f3 43. gxf3 gxf3 44. Rc5 Rxc5 45. Kxc5 f2 46. a7 f1=Q 47. a8=Q Qc1+ 48. Kb4 Qb2+ 49. Kc4 Qc2+ 50. Kb4 Qe4+ 51. Qxe4+ Kxe4 52. Kc4 h4 53. Kc3 Ke3 54. Kc2 Ke2 55. h3 Kf2 56. Kd2 Kg2 57. Ke2 Kxh3 58. Kf3 Kh2 59. Kf2 h3 60. Kf1 Kg3 61. Kg1 h2+ 62. Kh1 Kh3 1/2-1/2

[Event "Quebec-ch"]
[Site "Montreal CAN"]
[Date "2008.12.04"]
[Round "2"]
[White "Ramaswamy, Kishor"]
[Black "Jiang, Louie"]
[Result "0-1"]
[WhiteElo "2196"]
[BlackElo "2170"]
[PlyCount "88"]
[GameId "2160767910286000"]
[EventDate "2008.12.03"]
[EventType "tourn"]
[EventRounds "7"]
[EventCountry "CAN"]
[SourceTitle "EXT 2011"]
[Source "ChessBase"]
[SourceDate "2011.11.26"]
[SourceVersion "1"]
[SourceVersionDate "2011.11.26"]
[SourceQuality "1"]

1. d4 d5 2. Nf3 Nf6 3. Bf4 e6 4. e3 Bd6 5. Bg3 O-O 6. Nbd2 c5 7. c3 Nc6 8. Bd3 b6 9. Ne5 Qc7 10. f4 Bb7 11. O-O Ne8 12. Bh4 f5 13. g4 Be7 14. Bxe7 Qxe7 15. Ndf3 Nd6 16. g5 c4 17. Bc2 b5 18. b4 cxb3 19. axb3 Rfc8 20. Qd2 Qc7 21. Rfc1 a5 22. Bd3 a4 23. bxa4 bxa4 24. c4 Nxe5 25. Nxe5 dxc4 26. Nxc4 Nxc4 27. Rxc4 Qxc4 28. Bxc4 Rxc4 29. Qa2 Bd5 30. Qa3 Rc2 31. Qb4 Rg2+ 32. Kf1 Rxh2 33. Ra3 Rc2 34. Rc3 Rxc3 35. Qxc3 a3 36. Kf2 a2 37. Qa1 Kf7 38. Kg3 h6 39. gxh6 gxh6 40. Kf2 Kf6 41. Kg3 h5 42. Kh3 h4 43. Kxh4 Rh8+ 44. Kg3 Rh1 0-1

[Event "Quebec-ch"]
[Site "Montreal CAN"]
[Date "2008.12.04"]
[Round "2"]
[White "Voskanyan, Vahagn"]
[Black "Masse, Hugues"]
[Result "0-1"]
[WhiteElo "2235"]
[BlackElo "2278"]
[PlyCount "106"]
[GameId "2160767910286001"]
[EventDate "2008.12.03"]
[EventType "tourn"]
[EventRounds "7"]
[EventCountry "CAN"]
[SourceTitle "EXT 2011"]
[Source "ChessBase"]
[SourceDate "2011.11.26"]
[SourceVersion "1"]
[SourceVersionDate "2011.11.26"]
[SourceQuality "1"]

1. Nf3 Nf6 2. d4 g6 3. Bg5 Bg7 4. Nbd2 d5 5. e3 O-O 6. Bd3 Nbd7 7. b4 Re8 8. c4 c6 9. O-O dxc4 10. Nxc4 Nb6 11. Rc1 Nxc4 12. Bxc4 Ne4 13. Bf4 Nd6 14. Bb3 Bg4 15. h3 Bxf3 16. Qxf3 e6 17. Rfd1 Qe7 18. Rc5 h6 19. g4 Rad8 20. a4 a6 21. Rdc1 Rd7 22. b5 cxb5 23. Bxd6 Qxd6 24. axb5 Rf8 25. bxa6 bxa6 26. Ra1 Ra7 27. Bc4 Qxc5 28. dxc5 Bxa1 29. Qc6 a5 30. Qb6 Raa8 31. c6 a4 32. c7 a3 33. Qc6 Be5 34. f4 Bxc7 35. Qxc7 Rac8 36. Qe7 Rxc4 37. Qxa3 Rc2 38. Qb3 Rfc8 39. f5 Rd2 40. Qb1 Rcc2 41. Qf1 exf5 42. gxf5 gxf5 43. h4 Kg7 44. Qa1+ Kh7 45. Qf1 Kg7 46. Qa1+ Kg6 47. Qf1 Rg2+ 48. Qxg2+ Rxg2+ 49. Kxg2 Kf6 50. Kf3 Ke5 51. h5 f6 52. Ke2 Ke4 53. Kf2 f4 0-1

[Event "Quebec-ch"]
[Site "Montreal CAN"]
[Date "2008.12.05"]
[Round "3"]
[White "Jiang, Louie"]
[Black "Barbeau, Sylvain"]
[Result "0-1"]
[WhiteElo "2170"]
[BlackElo "2378"]
[PlyCount "74"]
[GameId "2160767910286003"]
[EventDate "2008.12.03"]
[EventType "tourn"]
[EventRounds "7"]
[EventCountry "CAN"]
[SourceTitle "EXT 2011"]
[Source "ChessBase"]
[SourceDate "2011.11.26"]
[SourceVersion "1"]
[SourceVersionDate "2011.11.26"]
[SourceQuality "1"]

1. e4 e5 2. Nf3 Nc6 3. Bb5 a6 4. Ba4 d6 5. O-O Bg4 6. c3 Qf6 7. d3 Nge7 8. Nbd2 g5 9. Bxc6+ Nxc6 10. h3 Bd7 11. Nc4 Qg6 12. Ne3 O-O-O 13. g4 h5 14. Kg2 Ne7 15. Nf5 f6 16. c4 hxg4 17. hxg4 Nxf5 18. exf5 Qf7 19. b4 Bc6 20. Rh1 Be7 21. Bb2 d5 22. c5 d4 23. Qb3 Bd5 24. Qd1 Qg7 25. Qe2 Rxh1 26. Rxh1 Rh8 27. Qe1 Bd8 28. Kg3 c6 29. Rh5 Bc7 30. Nh2 Rxh5 31. gxh5 Qh7 32. Qe2 e4+ 33. Kh3 Qxf5+ 34. Qg4 Be6 35. Qxf5 Bxf5+ 36. Kg2 exd3 37. Bc1 Kd7 0-1

[Event "Quebec-ch"]
[Site "Montreal CAN"]
[Date "2008.12.05"]
[Round "3"]
[White "Masse, Hugues"]
[Black "Prahov, Valentin"]
[Result "1-0"]
[WhiteElo "2278"]
[BlackElo "2126"]
[PlyCount "115"]
[GameId "2160767910286005"]
[EventDate "2008.12.03"]
[EventType "tourn"]
[EventRounds "7"]
[EventCountry "CAN"]
[SourceTitle "EXT 2011"]
[Source "ChessBase"]
[SourceDate "2011.11.26"]
[SourceVersion "1"]
[SourceVersionDate "2011.11.26"]
[SourceQuality "1"]

1. d4 Nf6 2. c4 g6 3. Nc3 d5 4. Bf4 Bg7 5. e3 c5 6. dxc5 Qa5 7. Rc1 Ne4 8. cxd5 Nxc3 9. Qd2 Qxa2 10. Rxc3 Bxc3 11. Qxc3 Qa1+ 12. Kd2 f6 13. Nf3 O-O 14. Bh6 Rf7 15. Rg1 Qa4 16. Nd4 a5 17. Bc4 Qb4 18. d6 exd6 19. Qxb4 axb4 20. Nb5 Nc6 21. Nxd6 Nd8 22. Nxf7 Nxf7 23. Rd1 Bd7 24. Ke1 Be8 25. Bf4 Kg7 26. Bd5 Rc8 27. Rc1 Bc6 28. Bxc6 Rxc6 29. Kd2 g5 30. Bb8 Rc8 31. Bg3 Nd8 32. Rc4 b5 33. Rxb4 Rxc5 34. Rd4 Nf7 35. b4 Rc6 36. Rd5 Rb6 37. Kd3 h5 38. Kd4 h4 39. Kc5 Ra6 40. Bc7 Ra2 41. Kxb5 Rxf2 42. Kc6 Rxg2 43. b5 Ne5+ 44. Bxe5 fxe5 45. b6 Rxh2 46. b7 Rc2+ 47. Rc5 Rb2 48. Rb5 Rc2+ 49. Kd6 h3 50. b8=Q h2 51. Rb7+ Kg6 52. Qg8+ Kf5 53. Qe6+ Ke4 54. Rb4+ Kd3 55. Qf5+ Kc3 56. Rc4+ Kxc4 57. Qxc2+ Kb4 58. Qxh2 1-0

[Event "Quebec-ch"]
[Site "Montreal CAN"]
[Date "2008.12.06"]
[Round "4"]
[White "Ramaswamy, Kishor"]
[Black "Masse, Hugues"]
[Result "1-0"]
[WhiteElo "2196"]
[BlackElo "2278"]
[PlyCount "47"]
[GameId "2160767910286008"]
[EventDate "2008.12.03"]
[EventType "tourn"]
[EventRounds "7"]
[EventCountry "CAN"]
[SourceTitle "EXT 2011"]
[Source "ChessBase"]
[SourceDate "2011.11.26"]
[SourceVersion "1"]
[SourceVersionDate "2011.11.26"]
[SourceQuality "1"]

1. d4 Nf6 2. Nf3 g6 3. Bg5 Bg7 4. Nbd2 d5 5. e3 O-O 6. Be2 Nbd7 7. O-O Re8 8. c4 c5 9. cxd5 Nxd5 10. Qb3 N5b6 11. Rac1 cxd4 12. Nxd4 h6 13. Bh4 Ne5 14. Rfd1 Qd5 15. Nb5 Be6 16. Nc7 Qd7 17. Qb5 g5 18. Bg3 Nd5 19. Bxe5 Bxe5 20. Qxd7 Bxd7 21. Nxd5 Bxb2 22. Rb1 Be5 23. Nc4 Ba4 24. Rd2 1-0

[Event "Quebec-ch"]
[Site "Montreal CAN"]
[Date "2008.12.06"]
[Round "4"]
[White "Voskanyan, Vahagn"]
[Black "Prahov, Valentin"]
[Result "1/2-1/2"]
[WhiteElo "2235"]
[BlackElo "2126"]
[PlyCount "146"]
[GameId "2160767910286009"]
[EventDate "2008.12.03"]
[EventType "tourn"]
[EventRounds "7"]
[EventCountry "CAN"]
[SourceTitle "EXT 2011"]
[Source "ChessBase"]
[SourceDate "2011.11.26"]
[SourceVersion "1"]
[SourceVersionDate "2011.11.26"]
[SourceQuality "1"]

1. e4 c5 2. Nf3 e6 3. b3 Nc6 4. Bb2 d5 5. exd5 exd5 6. d4 Nf6 7. Be2 cxd4 8. O-O Bc5 9. Nxd4 O-O 10. Nxc6 bxc6 11. Nd2 Re8 12. Bf3 Bf5 13. Rc1 Re6 14. c4 d4 15. Re1 Qd6 16. Nf1 a5 17. Ra1 Rd8 18. a3 Bb6 19. Qd2 c5 20. Rac1 Ne4 21. Bxe4 Rxe4 22. Ng3 Rxe1+ 23. Rxe1 Bg6 24. Bc1 Bc7 25. Qe2 h6 26. Qf3 Rb8 27. Bd2 Bc2 28. Qh5 Bg6 29. Qf3 Kf8 30. Qd1 Re8 31. Rxe8+ Kxe8 32. Qe1+ Qe6 33. Bxa5 Qxe1+ 34. Bxe1 Bd6 35. f3 Bxg3 36. Bxg3 Kd7 37. Kf2 Bd3 38. Be5 f6 39. Bb8 Kc6 40. Ba7 h5 41. Ke1 h4 42. Kd2 Bf1 43. g3 hxg3 44. hxg3 g6 45. Bb8 g5 46. Ba7 f5 47. Bb8 g4 48. fxg4 fxg4 49. Ba7 Kd6 50. Bb8+ Kc6 51. Bf4 Kb6 52. Bh6 Kc6 53. Bf8 Kb6 54. Bd6 Kc6 55. Be7 Kb6 56. a4 Kc6 57. a5 Bg2 58. Bd8 Kd7 59. Bf6 Ke6 60. Bg7 Kf7 61. Bh8 Ke6 62. a6 Be4 63. a7 Bb7 64. Kd3 Bf3 65. b4 cxb4 66. Kxd4 Ba8 67. Bg7 Kd7 68. Bf8 b3 69. Kc3 Kc6 70. Kxb3 Kb6 71. Kb4 Kxa7 72. Kc5 Kb7 73. Bd6 Kc8 1/2-1/2

[Event "Quebec-ch"]
[Site "Montreal CAN"]
[Date "2008.12.07"]
[Round "5"]
[White "Jiang, Louie"]
[Black "Voskanyan, Vahagn"]
[Result "1-0"]
[WhiteElo "2170"]
[BlackElo "2235"]
[PlyCount "87"]
[GameId "2160767910286011"]
[EventDate "2008.12.03"]
[EventType "tourn"]
[EventRounds "7"]
[EventCountry "CAN"]
[SourceTitle "EXT 2011"]
[Source "ChessBase"]
[SourceDate "2011.11.26"]
[SourceVersion "1"]
[SourceVersionDate "2011.11.26"]
[SourceQuality "1"]

1. e4 c6 2. d4 d5 3. Nc3 dxe4 4. Nxe4 Nf6 5. Nxf6+ gxf6 6. c3 Bf5 7. Nf3 Qc7 8. g3 e6 9. Bg2 Be4 10. O-O Nd7 11. Re1 f5 12. Bf1 Bxf3 13. Qxf3 O-O-O 14. b4 Bd6 15. Rb1 Rdg8 16. c4 f4 17. Bg2 fxg3 18. hxg3 Bxg3 19. fxg3 Rxg3 20. Qf4 Qxf4 21. Bxf4 Rg4 22. Be3 Rhg8 23. Re2 f5 24. Rf1 Nb6 25. Rf4 Nxc4 26. Rxg4 Rxg4 27. Bf2 Kd7 28. Kh2 a5 29. bxa5 Nxa5 30. Rc2 b5 31. Rc5 Rf4 32. Be1 Nc4 33. Bxc6+ Ke7 34. Bxb5 Ne3 35. Rc7+ Kf6 36. a4 Re4 37. Rc1 Ng4+ 38. Kg1 Re3 39. Ra1 f4 40. a5 Rb3 41. a6 f3 42. a7 Rb2 43. Bh4+ Kg6 44. Bf1 1-0

[Event "Quebec-ch"]
[Site "Montreal CAN"]
[Date "2008.12.07"]
[Round "5"]
[White "Masse, Hugues"]
[Black "Barbeau, Sylvain"]
[Result "0-1"]
[WhiteElo "2278"]
[BlackElo "2378"]
[PlyCount "114"]
[GameId "2160767910286012"]
[EventDate "2008.12.03"]
[EventType "tourn"]
[EventRounds "7"]
[EventCountry "CAN"]
[SourceTitle "EXT 2011"]
[Source "ChessBase"]
[SourceDate "2011.11.26"]
[SourceVersion "1"]
[SourceVersionDate "2011.11.26"]
[SourceQuality "1"]

1. d4 Nf6 2. c4 e6 3. Nc3 Bb4 4. Qc2 c5 5. dxc5 Bxc5 6. Nf3 Qb6 7. e3 Qc7 8. b3 a6 9. Bb2 Be7 10. g4 h6 11. Rg1 b6 12. O-O-O Bb7 13. Be2 g5 14. Nd2 d6 15. f4 Rg8 16. fxg5 hxg5 17. Nce4 Nbd7 18. Nxf6+ Bxf6 19. Bxf6 Nxf6 20. Rgf1 Ke7 21. Rf2 Raf8 22. Kb2 Qc5 23. Qc3 Qe5 24. Rdf1 Nd7 25. Qd4 Nc5 26. Kc3 Rh8 27. Qxe5 dxe5 28. b4 Nd7 29. Bf3 Bxf3 30. Nxf3 f6 31. Kd3 Rh3 32. Nd2 Rd8 33. Ke2 Rdh8 34. c5 bxc5 35. bxc5 Rxh2 36. Ne4 f5 37. c6 Nf6 38. Nxf6 Rxf2+ 39. Kxf2 Kxf6 40. gxf5 exf5 41. Rc1 Rc8 42. c7 Ke6 43. Rc6+ Kd5 44. Rxa6 Rxc7 45. Ra5+ Rc5 46. e4+ fxe4 47. Ra8 Kd4 48. Rd8+ Rd5 49. Rg8 e3+ 50. Ke2 Ra5 51. Rxg5 Rxa2+ 52. Kf1 Kd3 53. Rg3 Rf2+ 54. Ke1 Rh2 55. Kf1 Kd2 56. Kg1 e2 57. Kxh2 e1=Q 0-1

[Event "Quebec-ch"]
[Site "Montreal CAN"]
[Date "2008.12.07"]
[Round "5"]
[White "Prahov, Valentin"]
[Black "Ramaswamy, Kishor"]
[Result "1-0"]
[WhiteElo "2126"]
[BlackElo "2196"]
[PlyCount "57"]
[GameId "2160767910286013"]
[EventDate "2008.12.03"]
[EventType "tourn"]
[EventRounds "7"]
[EventCountry "CAN"]
[SourceTitle "EXT 2011"]
[Source "ChessBase"]
[SourceDate "2011.11.26"]
[SourceVersion "1"]
[SourceVersionDate "2011.11.26"]
[SourceQuality "1"]

1. e4 c6 2. d4 d5 3. exd5 cxd5 4. Bd3 Nf6 5. c3 g6 6. Nf3 Bg7 7. Bf4 Nc6 8. O-O O-O 9. h3 Bf5 10. Bxf5 gxf5 11. Ne5 e6 12. Nd2 Ne4 13. Nxc6 bxc6 14. f3 Nxd2 15. Qxd2 Kh8 16. Rae1 Qb6 17. b4 a5 18. a3 axb4 19. axb4 Ra3 20. g4 Qa6 21. gxf5 exf5 22. Qc2 Rg8 23. Kh1 Qc4 24. Qxf5 Qxc3 25. Be5 Raa8 26. Rg1 Qxb4 27. Rxg7 Rxg7 28. Rg1 f6 29. Qxf6 1-0

[Event "Quebec-ch"]
[Site "Montreal CAN"]
[Date "2008.12.09"]
[Round "6"]
[White "Barbeau, Sylvain"]
[Black "Prahov, Valentin"]
[Result "1/2-1/2"]
[WhiteElo "2378"]
[BlackElo "2126"]
[PlyCount "32"]
[GameId "2160767910286014"]
[EventDate "2008.12.03"]
[EventType "tourn"]
[EventRounds "7"]
[EventCountry "CAN"]
[SourceTitle "EXT 2011"]
[Source "ChessBase"]
[SourceDate "2011.11.26"]
[SourceVersion "1"]
[SourceVersionDate "2011.11.26"]
[SourceQuality "1"]

1. e4 c5 2. Nf3 e6 3. c3 Nc6 4. d4 d5 5. e5 Qb6 6. a3 a5 7. b3 Bd7 8. Be3 Nh6 9. dxc5 Bxc5 10. Bxc5 Qxc5 11. b4 Qb6 12. b5 Ne7 13. Bd3 a4 14. Nbd2 O-O 15. O-O Qc5 16. c4 dxc4 1/2-1/2

[Event "Quebec-ch"]
[Site "Montreal CAN"]
[Date "2008.12.09"]
[Round "6"]
[White "Voskanyan, Vahagn"]
[Black "Ramaswamy, Kishor"]
[Result "1/2-1/2"]
[WhiteElo "2235"]
[BlackElo "2196"]
[PlyCount "158"]
[GameId "2160767910286017"]
[EventDate "2008.12.03"]
[EventType "tourn"]
[EventRounds "7"]
[EventCountry "CAN"]
[SourceTitle "EXT 2011"]
[Source "ChessBase"]
[SourceDate "2011.11.26"]
[SourceVersion "1"]
[SourceVersionDate "2011.11.26"]
[SourceQuality "1"]

1. e4 c6 2. d4 d5 3. exd5 cxd5 4. Bd3 Nf6 5. c3 Nc6 6. Bf4 Bg4 7. Qb3 Qd7 8. Nd2 e6 9. Ngf3 Bxf3 10. Nxf3 Bd6 11. Bxd6 Qxd6 12. Qxb7 Rb8 13. Qa6 O-O 14. Bb5 Rb6 15. Qa4 Ne7 16. O-O a6 17. Bd3 Rxb2 18. Rab1 Rfb8 19. Rxb2 Rxb2 20. Bxa6 g6 21. Bd3 Nc8 22. h3 Nb6 23. Qa7 Nfd7 24. Rb1 Rxb1+ 25. Bxb1 Qc6 26. Qa3 Na4 27. Bd3 Nxc3 28. g3 Ne4 29. Qe7 h6 30. Kg2 Kg7 31. h4 Nef6 32. Qb4 Qb6 33. Bb5 Ne4 34. a4 Nd6 35. Qb1 Nf6 36. Bd3 Qxb1 37. Bxb1 Nb7 38. Ne5 Na5 39. Kf3 Ne8 40. Ke3 g5 41. hxg5 hxg5 42. Kd2 f6 43. Nf3 Nd6 44. Kc3 Nc6 45. Bd3 g4 46. Nh2 f5 47. Nf1 Kf6 48. Nd2 e5 49. dxe5+ Kxe5 50. Bb5 d4+ 51. Kb3 Na7 52. Kb4 Ne4 53. Nxe4 Nxb5 54. axb5 fxe4 55. b6 Kd6 56. Ka5 d3 57. Ka6 d2 58. b7 d1=Q 59. b8=Q+ Ke6 60. Qe8+ Kf5 61. Qf7+ Ke5 62. Qf4+ Kd5 63. Qf5+ Kd6 64. Qf6+ Kd7 65. Qf5+ Kd6 66. Qf6+ Kd7 67. Kb5 Qb3+ 68. Kc5 Qa3+ 69. Kd5 Qd3+ 70. Qd4 Ke7 71. Ke5 Qf3 72. Qxe4 Qxf2 73. Qh7+ Ke8 74. Qg8+ Ke7 75. Qg7+ Qf7 76. Qg5+ Kf8 77. Qxg4 Qe7+ 78. Qe6 Qc7+ 79. Kf6 Qg7+ 1/2-1/2

[Event "Quebec-ch"]
[Site "Montreal CAN"]
[Date "2008.12.10"]
[Round "7"]
[White "Masse, Hugues"]
[Black "Jiang, Louie"]
[Result "1/2-1/2"]
[WhiteElo "2278"]
[BlackElo "2170"]
[PlyCount "92"]
[GameId "2160767910286019"]
[EventDate "2008.12.03"]
[EventType "tourn"]
[EventRounds "7"]
[EventCountry "CAN"]
[SourceTitle "EXT 2011"]
[Source "ChessBase"]
[SourceDate "2011.11.26"]
[SourceVersion "1"]
[SourceVersionDate "2011.11.26"]
[SourceQuality "1"]

1. d4 d5 2. c4 e6 3. Nc3 Nf6 4. Nf3 c6 5. Bg5 Nbd7 6. e3 Qa5 7. Nd2 Bb4 8. Qc2 O-O 9. Be2 c5 10. O-O cxd4 11. Nb3 Qc7 12. Nb5 Qb8 13. N5xd4 Bd6 14. Nf3 h6 15. Bh4 a6 16. Rfd1 b6 17. cxd5 Nxd5 18. Qd2 Ne5 19. Nbd4 Bb7 20. Nxe5 Bxe5 21. Nf3 Bc7 22. Rac1 a5 23. Bb5 Bd6 24. Qd3 g5 25. Bg3 Bxg3 26. hxg3 Nb4 27. Qb3 Bd5 28. Bc4 Rd8 29. Bxd5 Rxd5 30. a3 Rxd1+ 31. Qxd1 Nd5 32. Qd4 Qd8 33. Ne5 Qf6 34. e4 Ne7 35. Qd6 Rc8 36. Rxc8+ Nxc8 37. Qc7 Kg7 38. Nd7 Qd4 39. Kh2 Nd6 40. e5 Ne4 41. f3 Nxg3 42. Qd8 Nf1+ 43. Kh1 Ng3+ 44. Kh2 Nf1+ 45. Kh1 Ng3+ 46. Kh2 Nf1+ 1/2-1/2

[Event "Quebec-ch"]
[Site "Montreal CAN"]
[Date "2008.12.10"]
[Round "7"]
[White "Ramaswamy, Kishor"]
[Black "Barbeau, Sylvain"]
[Result "0-1"]
[WhiteElo "2196"]
[BlackElo "2378"]
[PlyCount "146"]
[GameId "2160767910286021"]
[EventDate "2008.12.03"]
[EventType "tourn"]
[EventRounds "7"]
[EventCountry "CAN"]
[SourceTitle "EXT 2011"]
[Source "ChessBase"]
[SourceDate "2011.11.26"]
[SourceVersion "1"]
[SourceVersionDate "2011.11.26"]
[SourceQuality "1"]

1. d4 Nf6 2. Nf3 c5 3. c3 b6 4. Bg5 e6 5. e3 Bb7 6. Nbd2 Be7 7. Bd3 Nc6 8. O-O d6 9. e4 O-O 10. Qe2 cxd4 11. Nxd4 Ne5 12. Ba6 Bxa6 13. Qxa6 Qc8 14. Qe2 h6 15. Bf4 Ng6 16. Bg3 Re8 17. Rad1 Bf8 18. f3 Nh5 19. Bf2 Nhf4 20. Qc4 Qb7 21. Rfe1 Ne5 22. Qb3 Ned3 23. Re3 e5 24. Ne2 Nxf2 25. Kxf2 d5 26. Nxf4 exf4 27. Rd3 Bc5+ 28. Kf1 Qe7 29. g3 fxg3 30. hxg3 Qc7 31. Kg2 Rad8 32. Rxd5 Rxd5 33. Qxd5 Rd8 34. Qb3 Qd6 35. Qd5 Qf6 36. Qc4 Rd7 37. Qe2 Qd8 38. b4 Be7 39. Kf2 h5 40. Ke1 Qc7 41. Nf1 Qxc3+ 42. Kf2 Rxd1 43. Qxd1 Bxb4 44. Qd8+ Kh7 45. Qd5 Qc5+ 46. Qxc5 Bxc5+ 47. Ke2 Kg6 48. f4 Kf6 49. Nd2 Ke6 50. Kf3 b5 51. Nb3 Bb6 52. g4 hxg4+ 53. Kxg4 a5 54. Nc1 Bd4 55. Nd3 Kd6 56. Kf3 Kc6 57. f5 b4 58. Nc1 Kb5 59. Nb3 Be5 60. Ke2 a4 61. Nd2 Bf4 62. Nf3 Kc4 63. e5 Kd5 64. e6 fxe6 65. fxe6 Kxe6 66. Kd3 Kd5 67. Nd4 g5 68. Nc2 Bd6 69. Ne3+ Kc5 70. Ng4 Bf8 71. Ne3 Bg7 72. Ng4 b3 73. axb3 a3 0-1

[Event "Quebec-ch U18"]
[Site "Montreal CAN"]
[Date "2008.04.18"]
[Round "1"]
[White "Nunez-Painchaud, Raphael"]
[Black "Deschenes, Marc-Andre"]
[Result "0-1"]
[WhiteElo "1637"]
[BlackElo "1655"]
[PlyCount "72"]
[GameId "2160767910351090"]
[EventDate "2008.04.18"]
[EventType "tourn"]
[EventRounds "5"]
[EventCountry "CAN"]
[SourceTitle "EXT 2011"]
[Source "ChessBase"]
[SourceDate "2011.11.26"]
[SourceVersion "1"]
[SourceVersionDate "2011.11.26"]
[SourceQuality "1"]

1. c4 b6 2. Nc3 Bb7 3. Nf3 e6 4. e4 Bb4 5. Qc2 Bxc3 6. bxc3 d6 7. d4 Nd7 8. Bd3 e5 9. O-O Ne7 10. Bg5 f6 11. Be3 O-O 12. Rab1 Qe8 13. Nh4 Qh5 14. g3 g5 15. Be2 Bxe4 16. Qxe4 Qxe2 17. Nf5 Nxf5 18. Qxf5 Rf7 19. Qe4 Rb8 20. Qc6 Nf8 21. Rfe1 Qg4 22. Qa4 a5 23. Kg2 Qd7 24. Rb5 Ng6 25. Reb1 Re8 26. d5 e4 27. Qc2 Qg4 28. Qd1 Qxd1 29. Rxd1 Ne5 30. Bxb6 cxb6 31. Rxb6 Rd7 32. c5 dxc5 33. Rxf6 Kg7 34. Ra6 Red8 35. d6 Nc4 36. Rd5 h6 0-1

[Event "Quebec-ch U18"]
[Site "Montreal CAN"]
[Date "2008.04.18"]
[Round "1"]
[White "Ye, Ling Feng"]
[Black "Roy, Myriam"]
[Result "1-0"]
[WhiteElo "2201"]
[BlackElo "1892"]
[PlyCount "41"]
[GameId "2160767910351091"]
[EventDate "2008.04.18"]
[EventType "tourn"]
[EventRounds "5"]
[EventCountry "CAN"]
[SourceTitle "EXT 2011"]
[Source "ChessBase"]
[SourceDate "2011.11.26"]
[SourceVersion "1"]
[SourceVersionDate "2011.11.26"]
[SourceQuality "1"]

1. e4 c5 2. Nc3 Nc6 3. Nge2 d6 4. d4 cxd4 5. Nxd4 Nf6 6. Be3 e6 7. Be2 Be7 8. O-O O-O 9. f4 a6 10. Kh1 Nxd4 11. Bxd4 b5 12. a3 Bb7 13. Bd3 Nd7 14. Qh5 Nc5 15. Bxc5 dxc5 16. e5 h6 17. f5 c4 18. Rad1 Qc7 19. f6 cxd3 20. Rxd3 Kh7 21. Rh3 1-0

[Event "Quebec-ch U18"]
[Site "Montreal CAN"]
[Date "2008.04.19"]
[Round "2"]
[White "Roy, Myriam"]
[Black "Nunez-Painchaud, Raphael"]
[Result "1-0"]
[WhiteElo "1892"]
[BlackElo "1637"]
[PlyCount "93"]
[GameId "2160767910351093"]
[EventDate "2008.04.18"]
[EventType "tourn"]
[EventRounds "5"]
[EventCountry "CAN"]
[SourceTitle "EXT 2011"]
[Source "ChessBase"]
[SourceDate "2011.11.26"]
[SourceVersion "1"]
[SourceVersionDate "2011.11.26"]
[SourceQuality "1"]

1. e4 c5 2. Nf3 g6 3. d4 cxd4 4. Nxd4 Nc6 5. Nc3 Bg7 6. Be3 Nf6 7. Bc4 O-O 8. Qd2 Ng4 9. Nxc6 dxc6 10. Bf4 Qb6 11. Bb3 Rd8 12. Qe2 Bd4 13. Bg3 Ne5 14. h3 Qb4 15. O-O-O Bd7 16. a3 Qc5 17. Na4 Qb5 18. Qxb5 cxb5 19. Rxd4 bxa4 20. Bxe5 axb3 21. Bc7 e5 22. Rd2 bxc2 23. Bxd8 Rxd8 24. Re1 Kf8 25. Re3 Ke7 26. Red3 Ke6 27. Rd6+ Ke7 28. R6d5 Ke6 29. Rxc2 Rb8 30. Rcc5 f6 31. f3 Bc6 32. Rd2 Rc8 33. b4 a6 34. Kb2 Re8 35. Rc3 Ke7 36. Kb3 Rc8 37. Rc5 Rc7 38. a4 b6 39. Rcc2 b5 40. axb5 axb5 41. Rc5 Rc8 42. Ra2 Bd7 43. Rxc8 Bxc8 44. Ra7+ Bd7 45. Kc3 Ke8 46. Kd3 h5 47. h4 1-0

[Event "Quebec-ch U18"]
[Site "Montreal CAN"]
[Date "2008.04.19"]
[Round "2"]
[White "Ye, Ling Feng"]
[Black "Lepine, Cedric"]
[Result "1-0"]
[WhiteElo "2201"]
[BlackElo "1611"]
[PlyCount "53"]
[GameId "2160767910351094"]
[EventDate "2008.04.18"]
[EventType "tourn"]
[EventRounds "5"]
[EventCountry "CAN"]
[SourceTitle "EXT 2011"]
[Source "ChessBase"]
[SourceDate "2011.11.26"]
[SourceVersion "1"]
[SourceVersionDate "2011.11.26"]
[SourceQuality "1"]

1. e4 Nf6 2. e5 Nd5 3. d4 d6 4. c4 Nb6 5. f4 dxe5 6. fxe5 Bf5 7. Nc3 e6 8. Be3 Be7 9. Be2 O-O 10. Nf3 N8d7 11. O-O c6 12. Qd2 Qc7 13. Bf4 Qc8 14. Rac1 Rd8 15. Kh1 Nf8 16. Rfd1 Qd7 17. Qe3 Qe8 18. Bg5 Bxg5 19. Nxg5 h6 20. Nge4 Nc8 21. Rf1 Qe7 22. a3 b6 23. Bd3 Bh7 24. Nf6+ gxf6 25. exf6 Qe8 26. Qxh6 Rb8 27. Qg7# 1-0

[Event "Quebec-ch U18"]
[Site "Montreal CAN"]
[Date "2008.04.19"]
[Round "3"]
[White "Nunez-Painchaud, Raphael"]
[Black "Ye, Ling Feng"]
[Result "0-1"]
[WhiteElo "1637"]
[BlackElo "2201"]
[PlyCount "28"]
[GameId "2160767910351096"]
[EventDate "2008.04.18"]
[EventType "tourn"]
[EventRounds "5"]
[EventCountry "CAN"]
[SourceTitle "EXT 2011"]
[Source "ChessBase"]
[SourceDate "2011.11.26"]
[SourceVersion "1"]
[SourceVersionDate "2011.11.26"]
[SourceQuality "1"]

1. c4 e6 2. Nf3 d5 3. b3 Nf6 4. Bb2 Be7 5. d3 O-O 6. Nbd2 c5 7. cxd5 exd5 8. d4 Nc6 9. e3 Bf5 10. Be2 Rc8 11. a3 cxd4 12. Bxd4 Bc2 13. Qxc2 Nxd4 14. Qd3 Nc2+ 0-1

[Event "Quebec-ch U18"]
[Site "Montreal CAN"]
[Date "2008.04.20"]
[Round "4"]
[White "Lepine, Cedric"]
[Black "Nunez-Painchaud, Raphael"]
[Result "1-0"]
[WhiteElo "1611"]
[BlackElo "1637"]
[PlyCount "79"]
[GameId "2160767910351097"]
[EventDate "2008.04.18"]
[EventType "tourn"]
[EventRounds "5"]
[EventCountry "CAN"]
[SourceTitle "EXT 2011"]
[Source "ChessBase"]
[SourceDate "2011.11.26"]
[SourceVersion "1"]
[SourceVersionDate "2011.11.26"]
[SourceQuality "1"]

1. Nf3 Nf6 2. c4 e6 3. d4 Bb4+ 4. Bd2 Qe7 5. a3 Bxd2+ 6. Nbxd2 O-O 7. e3 d6 8. Bd3 Nbd7 9. O-O e5 10. Bc2 c6 11. e4 d5 12. exd5 cxd5 13. Re1 dxc4 14. dxe5 Ng4 15. Nxc4 Qc5 16. Qd4 Qxd4 17. Nxd4 Nc5 18. h3 Nh6 19. Nd6 b6 20. g4 Kh8 21. f4 Ne6 22. Nxe6 fxe6 23. f5 Nf7 24. Rad1 Ng5 25. Kg2 Bd7 26. h4 Bc6+ 27. Kg3 Nf3 28. Re3 exf5 29. gxf5 g5 30. Rxf3 gxh4+ 31. Kf2 Bxf3 32. Kxf3 Rg8 33. Nf7+ Kg7 34. Rg1+ Kf8 35. Rxg8+ Kxg8 36. Nd6 h5 37. f6 Rd8 38. Bg6 h3 39. Kg3 h4+ 40. Kxh3 1-0